[Event "11. Europa ch 2010 Femenino"]
[Site "Rijeka CRO"]
[Date "2010.03.09"]
[Round "4.52"]
[White "Tsatsalashvili, Ketevan"]
[Black "Umudova, Nargiz"]
[Result "1-0"]
[WhiteElo "2326"]
[BlackElo "2211"]
[PlyCount "69"]
[EventDate "2010.03.06"]
[EventType "swiss"]
[EventRounds "11"]
[EventCountry "CRO"]
[Source "lmi"]
[SourceDate "2010.03.06"]

1. d4 Nf6 2. c4 c5 3. d5 b5 4. cxb5 a6 5. b6 Qxb6 6. Nc3 d6 7. e4 g6 8. Nf3 Bg4
9. a4 Bg7 10. a5 Qb7 11. Be2 Bxf3 12. Bxf3 Nbd7 13. O-O O-O 14. Be2 Rfc8 15.
Ra4 c4 16. Re1 Nc5 17. Rxc4 Nfd7 18. Na2 Ne5 19. Rb4 Qc7 20. Rb6 Ncd7 21. Rxa6
Rxa6 22. Bxa6 Ra8 23. Nb4 Nc5 24. Bf1 Qxa5 25. Bd2 Qb6 26. Qc2 Ra4 27. Nc6 Ra2
28. Bc3 Na4 29. Ba5 Rxb2 30. Nxe7+ Kf8 31. Nxg6+ fxg6 32. Qc8+ Kf7 33. Bxb6
Rxb6 34. Qe6+ Kf8 35. Rc1 1-0

[Event "11. Europa ch 2010 Femenino"]
[Site "Rijeka CRO"]
[Date "2010.03.09"]
[Round "4.53"]
[White "Makka, Ioulia"]
[Black "Mamedjarova, Zeinab"]
[Result "1-0"]
[WhiteElo "2180"]
[BlackElo "2289"]
[PlyCount "103"]
[EventDate "2010.03.06"]
[EventType "swiss"]
[EventRounds "11"]
[EventCountry "CRO"]
[Source "lmi"]
[SourceDate "2010.03.06"]

1. e4 g6 2. d4 Bg7 3. Nc3 d6 4. Be3 c6 5. Qd2 b5 6. Bd3 Nd7 7. Nf3 Ngf6 8. Bh6
O-O 9. h4 b4 10. Ne2 Bxh6 11. Qxh6 Qa5 12. Ng5 Re8 13. e5 b3+ 14. c3 dxe5 15.
h5 Nf8 16. hxg6 fxg6 17. Nxh7 N8xh7 18. Bxg6 Rd8 19. Bxh7+ Kf7 20. Rh5 Rd5 21.
Rg5 Ke8 22. Rxe5 Rxe5 23. Bg6+ Kd8 24. dxe5 Qxe5 25. axb3 Nd5 26. Qd2 Kc7 27.
c4 Nf6 28. Qf4 Qxf4 29. Nxf4 e5 30. Nd3 e4 31. Nc5 e3 32. fxe3 Bg4 33. Bd3 Kd6
34. b4 Bh5 35. Be2 Bxe2 36. Kxe2 Rg8 37. Kf3 Ng4 38. Nd3 Nh2+ 39. Kf2 Ng4+ 40.
Ke2 Re8 41. c5+ Kd5 42. Rxa7 Rxe3+ 43. Kd2 Kd4 44. Ne1 Rb3 45. Nc2+ Kc4 46. Ra3
Rxb2 47. Kc1 Rb3 48. Rxb3 Kxb3 49. b5 Nf6 50. bxc6 Ne8 51. Nd4+ Kc4 52. Ne6 1-0

[Event "11. Europa ch 2010 Femenino"]
[Site "Rijeka CRO"]
[Date "2010.03.09"]
[Round "4.54"]
[White "Kopinits, Anna Christina"]
[Black "Semenova, Irina"]
[Result "1/2-1/2"]
[WhiteElo "2183"]
[BlackElo "2272"]
[PlyCount "71"]
[EventDate "2010.03.06"]
[EventType "swiss"]
[EventRounds "11"]
[EventCountry "CRO"]
[Source "lmi"]
[SourceDate "2010.03.06"]

1. e4 e5 2. Nf3 Nc6 3. Nc3 Nf6 4. d4 exd4 5. Nxd4 Bb4 6. Nxc6 bxc6 7. Bd3 d5 8.
exd5 cxd5 9. O-O O-O 10. Bg5 c6 11. Qf3 Bd6 12. Rae1 Rb8 13. Nd1 h6 14. Bxf6
Qxf6 15. Qxf6 gxf6 16. b3 Bd7 17. Ne3 Rfe8 18. Nf5 Bf8 19. Rxe8 Rxe8 20. Rd1 c5
21. Ne3 Be6 22. Kf1 Rd8 23. Bc4 d4 24. Be2 Bd6 25. Nc4 Bc7 26. g3 Kg7 27. f4
Bxc4 28. Bxc4 Ba5 29. Bd3 Re8 30. Kf2 Bc3 31. Kf3 Re6 32. Kg4 Re8 33. Rf1 Re3
34. Rf2 Re1 35. Rg2 Re3 36. Re2 1/2-1/2

[Event "11. Europa ch 2010 Femenino"]
[Site "Rijeka CRO"]
[Date "2010.03.09"]
[Round "4.55"]
[White "Pertlova, Sona"]
[Black "Bogumil, Tatiana"]
[Result "0-1"]
[WhiteElo "2262"]
[BlackElo "2201"]
[PlyCount "52"]
[EventDate "2010.03.06"]
[EventType "swiss"]
[EventRounds "11"]
[EventCountry "CRO"]
[Source "lmi"]
[SourceDate "2010.03.06"]

1. d4 f5 2. Nf3 Nf6 3. g3 e6 4. Bg2 d5 5. c4 c6 6. O-O Be7 7. b3 O-O 8. Bb2 Bd7
9. Ne5 Be8 10. Nd2 Bh5 11. Ndf3 Ne4 12. Qc2 g5 13. Ne1 Nd7 14. N1d3 Bd6 15. f3
Nef6 16. Rae1 Qe7 17. Qc1 Qg7 18. Nxd7 Nxd7 19. e4 Bf7 20. e5 dxc4 21. bxc4 Be7
22. f4 Rfd8 23. d5 Bc5+ 24. Nxc5 Nxc5 25. Qe3 Na4 26. Ba1 Nb6 0-1

[Event "11. Europa ch 2010 Femenino"]
[Site "Rijeka CRO"]
[Date "2010.03.09"]
[Round "4.57"]
[White "Partac, Elena"]
[Black "Toma, Katarzyna"]
[Result "0-1"]
[WhiteElo "2172"]
[BlackElo "2259"]
[PlyCount "73"]
[EventDate "2010.03.06"]
[EventType "swiss"]
[EventRounds "11"]
[EventCountry "CRO"]
[Source "lmi"]
[SourceDate "2010.03.06"]

1. e4 c5 2. Nc3 Nc6 3. g3 g6 4. Bg2 Bg7 5. d3 d6 6. Nge2 Nf6 7. O-O O-O 8. h3
Rb8 9. f4 Nd7 10. g4 b5 11. Ng3 Nd4 12. Nce2 b4 13. f5 Ne5 14. Nxd4 cxd4 15.
Bf4 Rb5 16. Qd2 Rc5 17. Rf2 a5 18. Rc1 Ba6 19. Bh6 Qc7 20. Bxg7 Kxg7 21. f6+
exf6 22. Qf4 Qe7 23. Bf1 Rfc8 24. h4 Bxd3 25. g5 fxg5 26. hxg5 Bxf1 27. Rcxf1
Rxc2 28. Qh4 Rxf2 29. Rxf2 Kg8 30. Kg2 d3 31. Qf4 Qe6 32. Rd2 Qxa2 33. Nf1 Rc2
34. Qf6 Qe6 35. Qf2 Qg4+ 36. Ng3 b3 37. Kh2 0-1

[Event "11. Europa ch 2010 Femenino"]
[Site "Rijeka CRO"]
[Date "2010.03.09"]
[Round "4.58"]
[White "Videnova, Iva"]
[Black "Kushka, Alena"]
[Result "0-1"]
[WhiteElo "2258"]
[BlackElo "2164"]
[PlyCount "86"]
[EventDate "2010.03.06"]
[EventType "swiss"]
[EventRounds "11"]
[EventCountry "CRO"]
[Source "lmi"]
[SourceDate "2010.03.06"]

1. e4 c5 2. Nf3 Nc6 3. d4 cxd4 4. Nxd4 Nf6 5. Nc3 d6 6. Bg5 e6 7. Qd2 a6 8.
O-O-O h6 9. Be3 Be7 10. f3 Bd7 11. Kb1 b5 12. Nxc6 Bxc6 13. Ne2 Qc7 14. Nd4 Bb7
15. Bd3 d5 16. e5 Nd7 17. f4 Nc5 18. f5 O-O-O 19. fxe6 fxe6 20. Bf4 Rhf8 21.
Bg6 Kb8 22. g3 Rc8 23. h4 Qb6 24. Be3 b4 25. Rhf1 a5 26. Bf7 Qa6 27. Qg2 Rc7
28. Qh3 Bc8 29. Bh5 a4 30. Rxf8 Bxf8 31. Be2 Qa5 32. Rf1 Be7 33. Rf7 b3 34.
Rxe7 Qe1+ 35. Bc1 Rxe7 36. Nc6+ Kb7 37. Nxe7 bxc2+ 38. Kxc2 Qxe2+ 39. Kb1 Qd3+
40. Ka1 Qd1 41. Kb1 Nd3 42. a3 Qxc1+ 43. Ka2 Qxb2# 0-1

[Event "11. Europa ch 2010 Femenino"]
[Site "Rijeka CRO"]
[Date "2010.03.09"]
[Round "4.59"]
[White "Fakhiridou, Ekaterini"]
[Black "Baciu, Diana"]
[Result "1-0"]
[WhiteElo "2252"]
[BlackElo "2146"]
[PlyCount "41"]
[EventDate "2010.03.06"]
[EventType "swiss"]
[EventRounds "11"]
[EventCountry "CRO"]
[Source "lmi"]
[SourceDate "2010.03.06"]

1. e4 e6 2. Nc3 d5 3. Nf3 Nf6 4. e5 Nfd7 5. d4 c5 6. Bf4 Be7 7. h4 Nc6 8. dxc5
Nxc5 9. a3 a6 10. Rh3 O-O 11. h5 f6 12. Qd2 d4 13. Ne2 Ne4 14. Qd3 fxe5 15.
Qxe4 exf4 16. Nfxd4 Nxd4 17. Nxd4 e5 18. Bc4+ Kh8 19. Bd3 g6 20. hxg6 Bxh3 21.
g7+ 1-0

[Event "11. Europa ch 2010 Femenino"]
[Site "Rijeka CRO"]
[Date "2010.03.09"]
[Round "4.60"]
[White "Coimbra, Margarida"]
[Black "Drljevic, Ljilja"]
[Result "1-0"]
[WhiteElo "2123"]
[BlackElo "2248"]
[PlyCount "157"]
[EventDate "2010.03.06"]
[EventType "swiss"]
[EventRounds "11"]
[EventCountry "CRO"]
[Source "lmi"]
[SourceDate "2010.03.06"]

1. e4 g6 2. d4 Bg7 3. Nc3 d6 4. Bg5 c6 5. Nf3 Qb6 6. Qd2 Qxb2 7. Rb1 Qa3 8. Be2
Qa5 9. O-O Nd7 10. Rfd1 Qc7 11. d5 c5 12. Nb5 Qb8 13. a4 a6 14. Na3 Qc7 15. Nc4
Ngf6 16. e5 dxe5 17. d6 Qc6 18. Nfxe5 Nxe5 19. Nxe5 Qxd6 20. Qf4 Qc7 21. Bc4
Be6 22. Bxe6 fxe6 23. Nxg6 Qxf4 24. Nxf4 Ne4 25. Nxe6 Nxg5 26. Nxg7+ Kf7 27.
Nf5 Rab8 28. Re1 b5 29. axb5 axb5 30. Nxe7 Ne6 31. Nf5 Kf6 32. Nd6 b4 33. Ne4+
Kg6 34. Rb3 Rhd8 35. Rg3+ Kf7 36. Rf3+ Kg7 37. Rg3+ Kh8 38. Ng5 Nxg5 39. Rxg5
c4 40. Rc5 c3 41. g3 Rd2 42. Rc7 b3 43. cxb3 c2 44. Kg2 Rd1 45. Rf1 Rd2 46. Re1
Rf8 47. Rf1 Kg8 48. b4 Rf5 49. b5 Rxb5 50. Ra1 Rb8 51. Raa7 Rd7 52. Rxd7 c1=Q
53. Rg7+ Kf8 54. Raf7+ Ke8 55. Rc7 Kf8 56. Rxc1 Kxg7 57. Rc6 Rb2 58. g4 Ra2 59.
Kg3 h5 60. gxh5 Ra5 61. h6+ Kh7 62. f4 Ra2 63. h4 Ra1 64. Kg4 Rg1+ 65. Kh5 Rg2
66. Rc7+ Kh8 67. f5 Rf2 68. Kg6 Rg2+ 69. Kf6 Re2 70. Kf7 Rf2 71. f6 Re2 72. Kf8
Re1 73. f7 Ra1 74. Ke7 Re1+ 75. Kd8 Rd1+ 76. Rd7 Rf1 77. Ke8 Rf2 78. Re7 Rf1
79. Re2 1-0

[Event "11. Europa ch 2010 Femenino"]
[Site "Rijeka CRO"]
[Date "2010.03.09"]
[Round "4.61"]
[White "Franciskovic, Borka"]
[Black "Abdulla, Khayala Mardan Qizi"]
[Result "1-0"]
[WhiteElo "2245"]
[BlackElo "2141"]
[PlyCount "131"]
[EventDate "2010.03.06"]
[EventType "swiss"]
[EventRounds "11"]
[EventCountry "CRO"]
[Source "lmi"]
[SourceDate "2010.03.06"]

1. Nf3 Nf6 2. g3 b6 3. Bg2 Bb7 4. c4 c5 5. O-O e6 6. Nc3 Be7 7. d4 cxd4 8. Qxd4
d6 9. Bg5 a6 10. Bxf6 Bxf6 11. Qd3 Ra7 12. Rad1 Be7 13. Nd4 Bxg2 14. Kxg2 O-O
15. f4 Qc8 16. f5 Nc6 17. fxe6 fxe6 18. Rxf8+ Bxf8 19. b3 Ne5 20. Qe3 Rf7 21.
h3 Be7 22. Nf3 Qc6 23. Qe4 Qc7 24. Nxe5 dxe5 25. Rf1 Rxf1 26. Kxf1 Qd6 27. Qd3
Qd4 28. Kg2 h6 29. Qxd4 exd4 30. Na4 b5 31. Nb2 bxc4 32. Nxc4 Bf6 33. Kf3 Kf7
34. Nd6+ Ke7 35. Nb7 Be5 36. g4 Bc7 37. Nc5 a5 38. Ke4 Kd6 39. Nd3 Bb6 40. Nb2
Bd8 41. Nd3 Bf6 42. a3 g5 43. Nb2 Kc5 44. Nc4 Kb5 45. Nd6+ Kc6 46. Nf7 Be7 47.
Ne5+ Kc5 48. Nd3+ Kc6 49. Ne5+ Kc5 50. b4+ axb4 51. axb4+ Kb5 52. Kxd4 Bf6 53.
Ke4 Kxb4 54. Nf7 Bg7 55. Nd8 e5 56. Ne6 Bh8 57. Kf5 Kc3 58. e4 Kd3 59. Nc5+ Kd4
60. Nd7 Ke3 61. Nxe5 Bg7 62. Nf7 Bf8 63. e5 Kf3 64. e6 Kg3 65. Nxh6 Be7 66. Ng8
1-0

[Event "11. Europa ch 2010 Femenino"]
[Site "Rijeka CRO"]
[Date "2010.03.09"]
[Round "4.62"]
[White "Jelica, Mara"]
[Black "Kharatyan, Anahit"]
[Result "1-0"]
[WhiteElo "2235"]
[BlackElo "2117"]
[PlyCount "113"]
[EventDate "2010.03.06"]
[EventType "swiss"]
[EventRounds "11"]
[EventCountry "CRO"]
[Source "lmi"]
[SourceDate "2010.03.06"]

1. e4 e5 2. Nf3 d6 3. d4 Nf6 4. Nc3 Nbd7 5. Bc4 Be7 6. O-O O-O 7. a4 c6 8. Re1
b6 9. d5 Bb7 10. dxc6 Bxc6 11. Bd5 Nxd5 12. Nxd5 Bxd5 13. Qxd5 Rc8 14. c4 Rc5
15. Qd3 Qc8 16. b3 f5 17. exf5 Nf6 18. Ng5 e4 19. Nxe4 Nxe4 20. Rxe4 Bf6 21.
Rb1 d5 22. Rg4 Rd8 23. Bh6 dxc4 24. Qg3 Qd7 25. h3 Rxf5 26. Rxc4 Be5 27. Qg4
Kh8 28. Be3 Qd3 29. Rcc1 h5 30. Qd1 Kg8 31. Qxd3 Rxd3 32. Rd1 Rc3 33. Rd7 Rf7
34. Rd5 Re7 35. Kf1 Kf7 36. Bg5 Re6 37. Re1 Rc5 38. Rd7+ Kg6 39. Bf4 Kf6 40.
Bxe5+ Rexe5 41. Rxe5 Kxe5 42. Rxa7 g5 43. Re7+ Kd4 44. Re6 b5 45. axb5 Rxb5 46.
Re3 Ra5 47. Ke2 Ra2+ 48. Kf3 Rb2 49. Re4+ Kd5 50. Rb4 Kc5 51. Rb8 Kd4 52. Rb5
g4+ 53. hxg4 hxg4+ 54. Kg3 Ke4 55. Rb4+ Kf5 56. Rf4+ Ke5 57. b4 1-0

[Event "11. Europa ch 2010 Femenino"]
[Site "Rijeka CRO"]
[Date "2010.03.09"]
[Round "4.63"]
[White "Berke, Ana"]
[Black "Haast, Anne"]
[Result "0-1"]
[WhiteElo "2097"]
[BlackElo "2235"]
[PlyCount "108"]
[EventDate "2010.03.06"]
[EventType "swiss"]
[EventRounds "11"]
[EventCountry "CRO"]
[Source "lmi"]
[SourceDate "2010.03.06"]

1. e4 e5 2. Nf3 Nc6 3. Bc4 Bc5 4. c3 Nf6 5. d4 exd4 6. cxd4 Bb4+ 7. Nc3 Nxe4 8.
O-O Bxc3 9. d5 Bf6 10. Re1 Ne7 11. Rxe4 d6 12. Bg5 Bxg5 13. Nxg5 h6 14. Qe2
hxg5 15. Re1 Be6 16. Re3 c6 17. dxe6 f6 18. Rh3 Rxh3 19. gxh3 g6 20. Qf3 Qa5
21. Qxf6 Qxe1+ 22. Bf1 O-O-O 23. Qxe7 Qe4 24. Bg2 Qb1+ 25. Bf1 Qf5 26. b4 Qf4
27. Qg7 Rf8 28. Qb2 Qe5 29. Qb3 a6 30. a4 Rf6 31. b5 Qxe6 32. Qc2 Qf5 33. Qa2
axb5 34. axb5 cxb5 35. Qa8+ Kc7 36. Qa5+ Kd7 37. Bxb5+ Ke7 38. Qb6 Kf8 39. Bf1
d5 40. Qb2 b6 41. Qd4 Qf4 42. Qb2 Kg7 43. Qc2 d4 44. Bd3 Qe5 45. Qd2 b5 46. Qa5
Qf4 47. Qe1 b4 48. Be4 Re6 49. f3 Qe3+ 50. Kf1 Qxe1+ 51. Kxe1 Rxe4+ 52. fxe4
Kf6 53. Kd2 Ke5 54. Kd3 b3 0-1

[Event "11. Europa ch 2010 Femenino"]
[Site "Rijeka CRO"]
[Date "2010.03.09"]
[Round "4.65"]
[White "Kanceljak, Dalia"]
[Black "Gromova, Iulia"]
[Result "0-1"]
[WhiteElo "1939"]
[BlackElo "2226"]
[PlyCount "94"]
[EventDate "2010.03.06"]
[EventType "swiss"]
[EventRounds "11"]
[EventCountry "CRO"]
[Source "lmi"]
[SourceDate "2010.03.06"]

1. e4 c6 2. d4 d5 3. exd5 cxd5 4. c4 Nf6 5. Nc3 g6 6. Qb3 Bg7 7. cxd5 O-O 8.
Be2 Na6 9. Bf3 Qb6 10. Nge2 Qxb3 11. axb3 Nb4 12. O-O Rd8 13. Ra5 a6 14. Na4 b5
15. d6 Ra7 16. dxe7 Rxe7 17. Nc5 Bg4 18. Bxg4 Nxg4 19. Nc3 Bxd4 20. Nxa6 Bxf2+
21. Rxf2 Ra8 22. Rf1 Rxa6 23. Rxa6 Nxa6 24. h3 Ne5 25. Bh6 f5 26. Nxb5 Rb7 27.
Nd4 Nc5 28. Re1 Ncd3 29. Ra1 Kf7 30. Ra5 Rd7 31. Be3 f4 32. Bf2 Nxf2 33. Rxe5
Nxh3+ 34. Kh2 Rxd4 35. Kxh3 h5 36. Rb5 Rd3+ 37. Kh2 Kf6 38. b4 g5 39. Rb8 Kf5
40. b5 Kg4 41. b6 Rb3 42. b7 Rxb2 43. Kg1 Kg3 44. Kf1 g4 45. Rh8 Rxb7 46. Rxh5
Rb1+ 47. Ke2 Kxg2 0-1

[Event "11. Europa ch 2010 Femenino"]
[Site "Rijeka CRO"]
[Date "2010.03.09"]
[Round "4.66"]
[White "Makropoulou, Marina"]
[Black "Ikonomopoulou, Maria"]
[Result "1-0"]
[WhiteElo "2225"]
[BlackElo "2081"]
[PlyCount "129"]
[EventDate "2010.03.06"]
[EventType "swiss"]
[EventRounds "11"]
[EventCountry "CRO"]
[Source "lmi"]
[SourceDate "2010.03.06"]

1. e4 c5 2. Nf3 Nc6 3. Bb5 Nf6 4. Nc3 Qc7 5. O-O Nd4 6. Nxd4 cxd4 7. Nd5 Nxd5
8. exd5 Qc5 9. c4 a6 10. Ba4 Qxc4 11. d3 Qxd5 12. Bf4 g6 13. Re1 Bg7 14. Bb3
Qh5 15. Qd2 O-O 16. Rxe7 Bf6 17. Re2 b5 18. Bd6 Rd8 19. Qf4 Qg5 20. Qxg5 Bxg5
21. Bd5 Ra7 22. Bc5 Rb7 23. Bxb7 Bxb7 24. Bxd4 Rc8 25. Rae1 Kf8 26. Bc3 f5 27.
f3 Bd5 28. a3 Bh4 29. Rc1 Kf7 30. Bd2 Bc6 31. Kf1 Rg8 32. Bb4 Bf6 33. Bc3 Bg5
34. Rce1 Bd8 35. Bd4 h5 36. Rc2 h4 37. h3 Bg5 38. Be5 Re8 39. Bd6 Rg8 40. Rc5
Bd8 41. b4 Bf6 42. Rc2 Ra8 43. Rec1 Ke6 44. Bf4 Rc8 45. Re2+ Kf7 46. Be5 Be7
47. Bf4 Bf6 48. Rec2 Ke6 49. Kf2 Bd4+ 50. Ke2 Bf6 51. Be3 Kf7 52. Kd2 Ke7 53.
d4 Rd8 54. Rxc6 dxc6 55. Rxc6 Bxd4 56. Rxa6 Bxe3+ 57. Kxe3 Kf7 58. Ra5 Rb8 59.
Kf4 Kf6 60. Ra6+ Kf7 61. Kg5 Rf8 62. Rf6+ Ke7 63. Rxg6 Ra8 64. Kxh4 Rxa3 65.
Rb6 1-0

[Event "11. Europa ch 2010 Femenino"]
[Site "Rijeka CRO"]
[Date "2010.03.09"]
[Round "4.68"]
[White "Schut, Lisa"]
[Black "Boyarchenko, Marie"]
[Result "1-0"]
[WhiteElo "2224"]
[BlackElo "2009"]
[PlyCount "73"]
[EventDate "2010.03.06"]
[EventType "swiss"]
[EventRounds "11"]
[EventCountry "CRO"]
[Source "lmi"]
[SourceDate "2010.03.06"]

1. e4 c5 2. Nf3 d6 3. d4 cxd4 4. Nxd4 Nf6 5. Nc3 Nc6 6. Bg5 Bd7 7. Qd2 Qa5 8.
f4 Rc8 9. Nb3 Qb4 10. a3 Qb6 11. Bxf6 gxf6 12. Nd5 Qd8 13. Bd3 Bg7 14. O-O h5
15. Rae1 e6 16. Ne3 Qb6 17. Kh1 Nd4 18. Nc4 Nxb3 19. cxb3 Qd4 20. e5 fxe5 21.
fxe5 Rxc4 22. bxc4 Bxe5 23. b4 Bc6 24. b5 Bxg2+ 25. Kxg2 Rg8+ 26. Kh1 Rg4 27.
Qe3 Qb2 28. Qf2 Qxf2 29. Rxf2 Rd4 30. Rf3 f5 31. c5 Kd7 32. cxd6 Bxd6 33. Be2
Rh4 34. h3 Re4 35. Rd3 Ke7 36. Red1 Bc5 37. Bxh5 1-0

[Event "11. Europa ch 2010 Femenino"]
[Site "Rijeka CRO"]
[Date "2010.03.09"]
[Round "4.69"]
[White "Medic, Mirjana"]
[Black "Semenova, Elena"]
[Result "0-1"]
[WhiteElo "2279"]
[BlackElo "2195"]
[PlyCount "110"]
[EventDate "2010.03.06"]
[EventType "swiss"]
[EventRounds "11"]
[EventCountry "CRO"]
[Source "lmi"]
[SourceDate "2010.03.06"]

1. d4 d5 2. c4 e5 3. dxe5 d4 4. Nf3 Nc6 5. g3 Nge7 6. Bg2 Ng6 7. Bf4 Bf5 8. a3
a5 9. e3 Bc5 10. O-O dxe3 11. Qxd8+ Rxd8 12. Bxe3 Bxe3 13. fxe3 Bd3 14. Rc1
Ngxe5 15. Nxe5 Nxe5 16. c5 O-O 17. Nc3 c6 18. b4 Rd7 19. h3 Re8 20. Re1 h6 21.
g4 h5 22. gxh5 Nc4 23. b5 Re5 24. bxc6 bxc6 25. Bxc6 Rc7 26. Bg2 Rcxc5 27. e4
Rg5 28. Kh1 Rxh5 29. Nd5 Ne5 30. Ra2 Rg5 31. Rb2 Rc4 32. Kh2 Ra4 33. Rb3 Kh7
34. Rc3 Rg6 35. Re3 Rd4 36. Ne7 Rb6 37. Rc5 f6 38. Rc7 Rc4 39. Rxc4 Bxc4 40.
Nd5 Rb2 41. Rc3 Bf1 42. Ne3 Bxg2 43. Nxg2 a4 44. Kg1 Rb3 45. Rc7 Rxa3 46. Nh4
Nf3+ 47. Nxf3 Rxf3 48. Kg2 Re3 49. Rc4 a3 50. Ra4 Kh6 51. Kh2 Kg5 52. Ra7 Kf4
53. Rxg7 Re2+ 54. Kg1 a2 55. Ra7 Rb2 0-1

[Event "11. Europa ch 2010 Femenino"]
[Site "Rijeka CRO"]
[Date "2010.03.09"]
[Round "4.70"]
[White "Hoolt, Sarah"]
[Black "Trofimova, Antonina"]
[Result "1/2-1/2"]
[WhiteElo "2215"]
[BlackElo "2182"]
[PlyCount "119"]
[EventDate "2010.03.06"]
[EventType "swiss"]
[EventRounds "11"]
[EventCountry "CRO"]
[Source "lmi"]
[SourceDate "2010.03.06"]

1. e4 c5 2. Nf3 e6 3. d4 cxd4 4. Nxd4 a6 5. c4 Nf6 6. Nc3 Qc7 7. a3 Be7 8. Be2
d6 9. Be3 Nbd7 10. O-O b6 11. Rc1 Bb7 12. f3 O-O 13. Qd2 Rac8 14. b4 Rfe8 15.
Rc2 Qb8 16. Kh1 Qa8 17. Rfc1 h6 18. Bg1 Ne5 19. Na4 Ned7 20. Nb3 Qb8 21. Qe3
Bd8 22. c5 dxc5 23. bxc5 bxc5 24. Nbxc5 Nxc5 25. Nxc5 Bb6 26. Qb3 Bxc5 27. Bxc5
Nd7 28. Bd4 Rxc2 29. Rxc2 Rc8 30. Kg1 Rxc2 31. Qxc2 Qd6 32. Qb2 e5 33. Be3 Qc6
34. Qb3 Nf8 35. Bc4 Qd7 36. Kf2 Bc8 37. Qb6 Qa4 38. Qc5 Be6 39. Bd3 f6 40. Bd2
Bf7 41. Bb4 Ne6 42. Qc8+ Kh7 43. Qxa6 Qd1 44. Qd6 Nd4 45. Bf1 Qd2+ 46. Kg1 Ne2+
47. Bxe2 Qxe2 48. Qc5 Bc4 49. h3 Qd1+ 50. Kf2 Bf1 51. Qe3 Bb5 52. Kg3 Qd7 53.
Qc5 Bf1 54. Qc2 Bb5 55. Kh2 Kg6 56. g4 h5 57. gxh5+ Kxh5 58. Qb3 Kg6 59. Kg3
Bf1 60. Qe3 1/2-1/2

[Event "11. Europa ch 2010 Femenino"]
[Site "Rijeka CRO"]
[Date "2010.03.09"]
[Round "4.71"]
[White "Efroimski, Marsel"]
[Black "Djukic, Sandra"]
[Result "0-1"]
[WhiteElo "2178"]
[BlackElo "2214"]
[PlyCount "170"]
[EventDate "2010.03.06"]
[EventType "swiss"]
[EventRounds "11"]
[EventCountry "CRO"]
[Source "lmi"]
[SourceDate "2010.03.06"]

1. e4 c5 2. Nf3 Nc6 3. d4 cxd4 4. Nxd4 Qc7 5. Be3 e6 6. Bd3 a6 7. Qe2 Nf6 8.
Nd2 Be7 9. h3 d5 10. N4b3 h6 11. c3 b6 12. f4 dxe4 13. Bxe4 Nxe4 14. Nxe4 a5
15. Qf2 Rb8 16. O-O Ba6 17. Rfe1 f5 18. Ned2 O-O 19. Nd4 Nd8 20. N2f3 Bf6 21.
Rad1 b5 22. Nb3 Bc8 23. Ba7 Rb7 24. Bc5 Re8 25. Bd6 Qf7 26. Nxa5 Ra7 27. Bb4
Qc7 28. Nb3 Rxa2 29. Nfd4 Qf7 30. Nxb5 Nb7 31. Na3 g5 32. Nc1 Ra1 33. Nc2 Ra8
34. Nd3 gxf4 35. Ne5 Qg7 36. Qxf4 Kh7 37. Nd4 Nd8 38. Ndf3 Rg8 39. Rd2 Ra7 40.
Bc5 Rc7 41. Bd6 Ra7 42. Red1 Ra5 43. b4 Rd5 44. Qh2 Bb7 45. c4 Rxd2 46. Rxd2
Bxf3 47. Nxf3 Qa7+ 48. Bc5 Qa1+ 49. Kf2 e5 50. h4 Ne6 51. Bb6 e4 52. Ng5+ Bxg5
53. hxg5 Rxg5 54. Be3 f4 55. Bxf4 Qf6 56. g3 Nxf4 57. gxf4 Rg4 58. Ke3 Qc3+ 59.
Kxe4 Rg7 60. Rc2 Qxb4 61. Qd2 Qe7+ 62. Kf3 Qh4 63. Qh2 Qe1 64. Qf2 Qd1+ 65. Re2
Qh1+ 66. Ke3 Qc6 67. Rc2 Qc5+ 68. Kf3 Qh5+ 69. Ke4 Re7+ 70. Kd4 Qd1+ 71. Kc3
Qa1+ 72. Rb2 Ra7 73. Qc2+ Kh8 74. Kd2 Rd7+ 75. Ke2 Qg1 76. Rb5 Kg7 77. Qc3+ Kf7
78. c5 Qg2+ 79. Ke3 Qg1+ 80. Ke2 Qg2+ 81. Ke1 Re7+ 82. Kd1 Qf1+ 83. Kc2 Re2+
84. Kd3 Re8+ 85. Kd4 Qxf4+ 0-1

[Event "11. Europa ch 2010 Femenino"]
[Site "Rijeka CRO"]
[Date "2010.03.09"]
[Round "4.73"]
[White "Danelia, Mariam"]
[Black "Kukic, Lora"]
[Result "1-0"]
[WhiteElo "2199"]
[BlackElo "1723"]
[PlyCount "37"]
[EventDate "2010.03.06"]
[EventType "swiss"]
[EventRounds "11"]
[EventCountry "CRO"]
[Source "lmi"]
[SourceDate "2010.03.06"]

1. d4 Nf6 2. c4 e6 3. Nc3 c5 4. d5 exd5 5. cxd5 d6 6. Nf3 g6 7. Nd2 Bg7 8. Nc4
O-O 9. Bg5 a6 10. a4 Re8 11. Qd2 Qc7 12. Qf4 Bf5 13. Qxd6 Qe7 14. Qxe7 Rxe7 15.
Nb6 Ra7 16. f3 h6 17. Bf4 Re8 18. g4 g5 19. Bxb8 1-0

[Event "11. Europa ch 2010 Femenino"]
[Site "Rijeka CRO"]
[Date "2010.03.09"]
[Round "4.74"]
[White "Tonel, Giulia"]
[Black "Nemcova, Katerina"]
[Result "0-1"]
[WhiteElo "2023"]
[BlackElo "2264"]
[PlyCount "92"]
[EventDate "2010.03.06"]
[EventType "swiss"]
[EventRounds "11"]
[EventCountry "CRO"]
[Source "lmi"]
[SourceDate "2010.03.06"]

1. e4 d5 2. exd5 Nf6 3. d4 Nxd5 4. Nf3 Bg4 5. Be2 e6 6. O-O Be7 7. Be3 Nc6 8.
Nbd2 O-O 9. c4 Nb6 10. Rc1 f5 11. d5 exd5 12. Bxb6 axb6 13. cxd5 Nb4 14. Qb3
Nxd5 15. Bc4 c6 16. Nd4 f4 17. h3 Bc8 18. N2f3 Kh8 19. Rfd1 Ra5 20. Ne2 Be6 21.
Nc3 Bg8 22. Rc2 Bf6 23. Rcd2 Bxc3 24. bxc3 Qc7 25. Bxd5 cxd5 26. Nd4 Rc5 27.
Rd3 f3 28. Nxf3 d4 29. Qb4 dxc3 30. Rxc3 Rf4 31. Rxc5 bxc5 32. Qb2 c4 33. Rc1
b6 34. a3 Qc5 35. Rc3 b5 36. Qd2 Re4 37. Qd8 Re2 38. Qh4 Qd6 39. Qg5 Qd1+ 40.
Kh2 Rxf2 41. Ne5 Qd2 42. Qg3 Rxg2+ 43. Qxg2 Qxc3 44. Qg5 Qb2+ 45. Kg1 Qd4+ 46.
Kf1 c3 0-1

[Event "11. Europa ch 2010 Femenino"]
[Site "Rijeka CRO"]
[Date "2010.03.09"]
[Round "4.75"]
[White "De Seroux, Camille"]
[Black "Racki, Barbara"]
[Result "1-0"]
[WhiteElo "2019"]
[BlackElo "1698"]
[PlyCount "71"]
[EventDate "2010.03.06"]
[EventType "swiss"]
[EventRounds "11"]
[EventCountry "CRO"]
[Source "lmi"]
[SourceDate "2010.03.06"]

1. e4 e5 2. Nf3 Nc6 3. Bc4 Bc5 4. c3 Nf6 5. d3 a6 6. Bb3 O-O 7. O-O Be7 8. Re1
d6 9. h3 Na5 10. Bc2 c5 11. d4 Qc7 12. Nbd2 b5 13. Nf1 Bb7 14. Ng3 Nc6 15. Nf5
Bc8 16. Bg5 Bd8 17. Rc1 Bxf5 18. exf5 Nd7 19. Be3 exd4 20. cxd4 c4 21. Nd2 d5
22. Qf3 Nf6 23. g4 Qd7 24. g5 Ne8 25. f6 g6 26. Qg3 Bc7 27. Qh4 Nd8 28. Nf3 Ne6
29. Kh1 Qc8 30. Rg1 Qb8 31. Qh6 N8g7 32. fxg7 Nxg7 33. Rg4 Nh5 34. Rh4 f5 35.
gxf6 Rf7 36. Ng5 1-0

[Event "11. Europa ch 2010 Femenino"]
[Site "Rijeka CRO"]
[Date "2010.03.09"]
[Round "4.76"]
[White "Goslawska, Cecylia"]
[Black "Tomulic, Vesna"]
[Result "1/2-1/2"]
[WhiteElo "1683"]
[BlackElo "1930"]
[PlyCount "70"]
[EventDate "2010.03.06"]
[EventType "swiss"]
[EventRounds "11"]
[EventCountry "CRO"]
[Source "lmi"]
[SourceDate "2010.03.06"]

1. d4 d5 2. c4 c6 3. Bf4 Nf6 4. Nf3 dxc4 5. e3 Nd5 6. Bxc4 Nxf4 7. exf4 e6 8.
O-O Nd7 9. Re1 Be7 10. Nbd2 Nb6 11. Bb3 Nd5 12. g3 O-O 13. Ne4 b6 14. Rc1 Bb7
15. Ne5 Rc8 16. a3 Nf6 17. Bc2 c5 18. Nxf6+ Bxf6 19. dxc5 Rxc5 20. Qxd8 Rxd8
21. b4 Rcc8 22. Ba4 Bxe5 23. fxe5 Rd3 24. Rxc8+ Bxc8 25. Rd1 Rxd1+ 26. Bxd1 Bb7
27. Bb3 Bf3 28. Kf1 Kf8 29. Ke1 Ke7 30. Bd1 Bd5 31. Kd2 f6 32. f4 fxe5 33. fxe5
Kd7 34. Bc2 h6 35. Kc3 Kc6 1/2-1/2